La sociedad de responsabilidad limitada en el derecho mercántil mexicano (breve monografía, que incluye un estudio sobre empresas individuales de responsabilidad limitada) / Raúl Cervantes Ahumada profesor de derecho mercántil, por oposición, en la Escuela Nacional de Jurisprudencia de la Universidad Nacional de México

Detalles Bibliográficos
Autor principal: Cervantes Ahumada, Raúl, 1912- ?
Formato: Libro
Lenguaje:Spanish
Publicado: México : imprenta Universitaria, 1943.
Materias:
Colección:Banco de datos
Acervo:Universidad Autónoma Benito Juárez de Oaxaca. Biblioteca Francisco de Burgoa. Colección moderna
Descripción Física:[1] h., 92 p., [1] h. ; 23 cm.
Tema general:Derecho mercántil
Notas:Portada tipográfica. Texto a renglón seguido con paginación en números arábigos. Encuadernación en cartón
LEADER 01090nam a22001810004500
035 |a 137 
041 0 |a spa 
100 1 |a Cervantes Ahumada, Raúl, 1912- ? 
245 1 0 |a La sociedad de responsabilidad limitada en el derecho mercántil mexicano (breve monografía, que incluye un estudio sobre empresas individuales de responsabilidad limitada) / Raúl Cervantes Ahumada profesor de derecho mercántil, por oposición, en la Escuela Nacional de Jurisprudencia de la Universidad Nacional de México  
260 |a México : imprenta Universitaria, 1943. 
300 |a [1] h., 92 p., [1] h. ; 23 cm. 
500 |a Portada tipográfica. Texto a renglón seguido con paginación en números arábigos. Encuadernación en cartón 
504 |a Al final de la obra está el índice de contenido 
650 1 0 |a Derecho mercántil 
852 |a Universidad Autónoma "Benito Juárez" de Oaxaca, Biblioteca Francisco de Burgoa, Colección moderna 12510  
942 |c BURMOD 
943 |g Universidad Autónoma Benito Juárez de Oaxaca. Biblioteca Francisco de Burgoa. Colección moderna 
999 |c 1124580  |d 1124580